00956naa a22002177a 4500001001000000003000900010005001700019007000300036008003400039040005400073041000900127072000800136100001500144111008300159245004200242260003900284500014800323650002100471650001600492773023000508BR9001350BR-BrBNA20240918180625.0ta230509b bl.||||| |||| 00| 0 por d aBR-BrBNAbporcBiblioteca Nacional de Agricultura a(Pt) aF301 aLleras, E.1 a1. Encontro sobre Recursos GeneticoscJaboticabal, SP (Brazil)d12-14 Apr 19881 aColeta de recursos geneticos vegetais3 aJaboticabal, SP (Brasil): c1988.  aAraujo, S.M.C. de; Osuna, J.A. (eds.) Anais do 1. Encontro sobre Recursos Geneticos Jaboticabal, SP (Brasil): 1988. p. 23-42 (BR9001350-AM)F30  aGENETICA VEGETAL aGERMOPLASMA0 tAnais do 1. Encontro sobre Recursos GeneticosaAraujo, S.M.C. de; Osuna, J.A. (eds.). Faculdade de Ciencias Agrarias e Veterinarias "Campus" de Jaboticabal, SP (Brasil)wF30 BR9001350gJaboticabal, SP (Brasil), 1988. p. 23-42